| 000 | 00805cab a2200241 4500 | ||
|---|---|---|---|
| 001 | WB3212-47 | ||
| 008 | 090401t1996 xxu||||| |||| 00| 0 eng d | ||
| 035 | _a(Sirsi) u56759 | ||
| 041 | _aeng | ||
| 245 | _aRICS wins national training award | ||
| 260 | _c1996 | ||
| 350 | _a0 | ||
| 490 |
_aRICS Press Release _v(PR32.cons) 21 March 1996, (4) |
||
| 520 | _aThe RICS has won a DfEE and DTI Skills Challenge award to improve skill levels and business performance for small surveying firms. Lists the Skills Challenge winning consortium members. | ||
| 650 | _aBUSINESS PERFORMANCE | ||
| 650 | _aRICS | ||
| 650 | _aSKILL LEVELS | ||
| 650 | _aSKILLS CHALLENGE | ||
| 650 | _aSURVEYING FIRMS | ||
| 690 | _aMANAGEMENT-BUSINESS MANAGEMENT-PROFESSIONAL PRACTICE | ||
| 942 | _n0 | ||
| 948 | _c04/03/1997 | ||
| 999 |
_c34646 _d34646 |
||